عرض عادي
عرض مارك
- Earth sciences.
مدخل مصطلح موضوعي
001 - رقم الضبط
- حقل الضبط: 40854
003 - معرف رقم الضبط
- حقل الضبط: OSt
005 - تاريخ ووقت أخر عملية
- حقل الضبط: 20131212154353.0
008 - عناصر بيانات ثابتة الطول
- حقل تحكم ثابت الطول: 131212|||a|||||| | ||| d
040 ## - مصدر الفهرسة
- هيئة الفهرسة الأصلية: OSt
- وكالة الكتابة: OSt
150 ## - مدخل-- مصطلح تاريخي
- عنصر مدخل المصطلح الموضوعي او الاسم الجغرافي: Earth sciences.
670 ## - بيانات المصدر موجوده
- الاستشهاد بالمصدر: Work cat.: (OSt)0: An introduction to our dynamic planet /, 2008.
